| 000 | 00673nam a2200217Ia 4500 | ||
|---|---|---|---|
| 003 | Ost | ||
| 005 | 20260507075437.0 | ||
| 008 | 260507s9999||||xx |||||||||||||| ||und|| | ||
| 020 | _a9960246035 | ||
| 040 | _cfsecg | ||
| 041 | _aara | ||
| 082 | _a350 | ||
| 100 |
_aوارنج، آلان _eمؤلف |
||
| 245 | 0 |
_aإدارة المخاطر / _c آلان وارنج |
|
| 260 |
_aالرياض: _bدار المريخ, _c2007 |
||
| 300 |
_a669 صفحة؛ _bإيضاحات ؛ _c24 سم |
||
| 504 | _aببليوغرافيا: ص.649-669 | ||
| 520 | _aبيئات المخاطر، حالات دراسية، استنتاجات | ||
| 653 | _aالادارة | ||
| 942 | _cكتاب | ||
| 999 |
_c44545 _d44545 |
||